1115 1311 1275 1081 1848 1411 1016 1262 1727 1004 1995 1922 1520 1097 1209 1671 1170 1652 1934 1967 1773 1986 1305 1111 1425 1506 1596 1503 1807 1853 1180 1339 1506 1795 1725 1221 1138 1286 1454 1476 1513 1299 1410 1226 1401 1232 1602 1932 1564 1548 1487 1786 1976 1069 1469 1309 1527 1092 1410 1154 1397 1393 1959 1107 1050 1811 1424 1162 1668 1831 1777 1120 1749 1241 1531 1971 1782 1929 1687 1261 1691 1274 1668 1516 1669 1474 1487 1749 1807 1395 1385 1266 1728 1906 1230 1151 1239 1036 1864 BCNSPRNW ULIB Ver.6.0+V

เปลี่ยนเป็นภาษาไทย

Change to English
 แสดงรายละเอียดบรรณานุกรม
  กลับหน้าหลัก

Brief Record : Get Marc (ISO 2709) : E-mail record : QR code < ปิดหน้าต่าง
LEADER : 00000nam 2200000uu 4500
001    13399112868
003     ULIB
008    110914s2554||||th 000 0 tha d
020    9786165001014
090    นว.^bณ429จ 2554
100 0  ณารา
245 00 เจ้านาง/^cณารา
250    พิมพ์ครั้งที่ 4
260    กรุงเทพฯ :^bพิมพ์คำ,^c2554
300    532 หน้า
945    ^p230^l0^i030501
995    เกษร
999 ^a ใช้งานได้ทุกระบบ
รายการนี้ยังไม่มีแท็ก
คุณยังไม่ได้ล็อกอิน คุณสามารถมีกิจกรรมร่วมกับเว็บไซต์ได้ แต่ต้องล็อกอินก่อน ::
  ล็อกอิน

รายการสื่อสารสนเทศ

ลำดับที่ ประเภท เลขเรียก/บาร์โค้ด สถานที่ สถานะ
1. นวนิยาย
นวนิยาย
นว. ณ429จ 2554  
  Barcode: 030501
ห้องสมุดวิทยาเขตสวรรค์ประชารักษ์
►นวนิยาย
บนชั้น
  ขอยืม

รายการใกล้เคียง
    ผู้แต่ง [ณารา]

BibComment


ยังไม่เคยถูกคอมเมนท์

คอมเมนท์ทรัพยากรรายการนี้
  คอมเมนท์: เจ้านาง ณารา


 Copyright 2026. Bcnsprnw @Library